1337 1576 1987 1903 1273 1466 1158 1399 1959 1361 1954 1559 1109 1828 1678 1143 1563 1873 1984 1794 1330 1786 1078 1299 1856 1764 1138 1629 1160 1693 1825 1853 1555 1937 1500 1796 1990 1320 1767 1105 1279 1432 1192 1665 1518 1191 1193 1731 1768 1287 1397 1099 1666 1454 1037 1055 1429 1735 1549 1975 1758 1410 1208 1699 1808 1245 1070 1591 1763 1169 1605 1118 1713 1655 1253 1327 1794 1961 1878 1979 1647 1890 1567 1453 1526 1131 1848 1164 1102 1821 1448 1365 1886 1243 1987 1448 1445 1350 1819 BCNSPRNW ULIB Ver.6.0+V

เปลี่ยนเป็นภาษาไทย

Change to English
 แสดงรายละเอียดบรรณานุกรม
  กลับหน้าหลัก

Brief Record : Get Marc (ISO 2709) : E-mail record : QR code < ปิดหน้าต่าง
LEADER : 00000nam 2200000uu 4500
001    13399125949
003     ULIB
008    171121s2553||||th 000 0 tha d
020    ^a9786165163026
050 04 ^aนว.^bฮ-ป
100 0  ^aฮายามิเนะ คาโอรุ
245 10 ^aปริศนาห้องแถวกระปุกเหล้า /^cฮายามิเนะ คาโอรุ
250    ^aพิมพ์ครั้งที่ 1
260    ^aกรุงเทพฯ :^bบริษัท เนชั่น เอ็ดดูเทนเมนท์ จำกัด, ^c2553
300    ^a210 หน้า :^bภาพประกอบสี ;^c17 ซม.
945    ^p0^l0^i003389
999    ^aประนอม เกษจรัล
รายการนี้ยังไม่มีแท็ก
คุณยังไม่ได้ล็อกอิน คุณสามารถมีกิจกรรมร่วมกับเว็บไซต์ได้ แต่ต้องล็อกอินก่อน ::
  ล็อกอิน

รายการสื่อสารสนเทศ

ลำดับที่ ประเภท เลขเรียก/บาร์โค้ด สถานที่ สถานะ
1. วิทยาศาสตร์การแพทย์ และสุขภาพ
วิทยาศาสตร์การแพทย์ และสุขภาพ
นว. ฮ-ป ฉ.1 
  Barcode: 003389
ห้องสมุดวิทยาเขตสวรรค์ประชารักษ์
►นวนิยาย
บนชั้น
  ขอยืม

BibComment


ยังไม่เคยถูกคอมเมนท์

คอมเมนท์ทรัพยากรรายการนี้
  คอมเมนท์: ปริศนาห้องแถวกระ..


 Copyright 2026. Bcnsprnw @Library